Die 10 tiefsten Seen der Erde - Statistiken

Allgemein
  • Dieses Quiz wurde 20 mal gespielt
  • Das Durchschnittsergebnis liegt bei 2 aus 10
Antwortstatistiken
RANG SEE (LAND) % Korrekt
1. (1.642m) Baikalsee
95%
3. Kaspisches Meer
63%
8. Großer Sklavensee
26%
6. Malawisee
26%
2. Tanganjikasee
16%
7. Issyk-Kul
5%
4. Wostoksee
5%
9. Kratersee
0%
10. Matanosee
0%
5. O'Higgins
0%
Keine übereinstimmenden Quizze gefunden
Verteilung der Resultate
Anzahl Personen mit jedem Resultat
Perzentil nach korrekt beantworteten Fragen
Ihre Resultats-Entwicklung
Sie haben dieses Quiz noch nicht gespielt